000 00832nam0a22002411 4500
001 rc\2672533
005 20250623152007.0
035 _a(NLR Aleph) 006801072
090 _a6244300
_c6244300
100 _a20110915d1932 |||y0rusy50 ca
101 0 _arus
102 _aRU
105 _ay z |||||
200 1 _aБолезни льна и борьба с ними
_fЖ. П. Бугасова
_gИванов. опыт. зональная льняная станция
210 _aМосква
_aИваново
_cОгиз
_d1932
_eИв.-Вознесенск
_gтип. "Красный октябрь"
215 _a7 с., включ. тит. л.
_d16х12 см.
700 1 _aБугасова
_bЖ.П.
801 0 _aRU
_bNLR
_gpsbo
801 1 _aRU
_bELAR
_2rusmarc
852 _aNLR
_j32-8/6793
942 _cBOOK
980 _aNB